Загрузка...
Latin America in the International political system
| Главный автор: | |
|---|---|
| Формат: | Printed Book |
| Опубликовано: |
Colorado, Westview press
1997
|
| Предметы: |
| LEADER | 005160000a22001570004500 | ||
|---|---|---|---|
| 020 | |a 0-8133-0527-6 | ||
| 082 | |a 327.098 N7 | ||
| 100 | |a Atkins, Pope G |f Author | ||
| 245 | |a Latin America in the International political system | ||
| 260 | |a Colorado, Westview press | ||
| 260 | |c 1997 | ||
| 650 | |a International political system | ||
| 650 | |a Latin America | ||
| 942 | |c BK | ||
| 999 | |c 140486 |d 140482 | ||
| 952 | |0 0 |1 0 |4 0 |6 327_098000000000000_N7 |7 0 |9 139269 |a SIRP |b SIRP |d 2017-10-05 |l 0 |o 327.098 N7 |p SIRP02287 |r 2017-10-05 |w 2017-10-05 |y BK | ||